000 00401nam a2200157 i 4500
001 33491
003 ES-MaACL
005 20230906154752.0
007 t|
008 030202s1902 fr ||||1| fre d
100 1 _aBiervliet, J. J. van.
_928824
245 1 3 _aLa memoire /
_cpar J. J. van Bierviliet.
260 _aParis :
_bDoin,
_c1902.
300 _a352 p. ;
_c18 cm.
852 _aES-MaACL
_jF-11398
999 _c33491
_d33491